000 00752nam a2200277 a 4500
003 AR-BaBNM
005 20251128210750.0
008 082120s2002 ||||||||||||||000 | spa||
040 _cAR-BaBNM
100 1 _aMauriac, François
245 0 0 _aThérèse Desqueyroux
260 _aParis
_bBernard Grasset
_c1965
300 _a254 p.
490 0 _aLe livre de poche. Université
500 _aContiene glosario y referencias bibliográficas
650 4 _aLITERATURA FRANCESA
650 4 _aNOVELAS
650 4 _aLITERATURA CONTEMPORANEA
650 4 _aREALISMO
650 4 _aCATOLICISMO
655 _aLITERATURA
700 1 _aPény, Jean-Marie
_eprologuista
800 1 _aBruézière, Maurice
_edirector
942 _cBK
998 _cMARTIN
999 _c16802
_d16802